000 00309nam a2200097Ia 4500
008 240331s9999 xx 000 0 und d
082 _bJEE
100 _aJeevandara, P
245 0 _aAdu adayam labi pavulvala lamunge ha kanthawange adyapana thathwaya nanwalime viyapruthiya :
_bObesekarapura Rajagiriya
942 _cL
999 _c2227
_d2227